Statistics for Animals: Real or Fake?

Click here to take the quiz!

General Stats

  • This quiz has been taken 166 times
  • The average score is 13 of 20

Answer Stats

QuestionAnswer% Correct
8) Is this animal real or fake?Fake
94%
7) Is this animal real or fake?Fake
94%
4) Is this animal real or fake?Real
76%
20) Is this animal real or fake?Fake
75%
11) Is this animal real or fake?Real
75%
3) Is this animal real or fake?Real
75%
16) Is this animal real or fake?Real
73%
17) Is this animal real or fake?Real
73%
19) Is this animal real or fake?Real
72%
14) Is this animal real or fake?Fake
71%
12) Is this animal real or fake?Real
67%
6) Is this animal real or fake?Real
66%
5) Is this animal real or fake?Real
64%
10) Is this animal real or fake?Real
60%
9) Is this animal real or fake?Fake
58%
2) Is this animal real or fake?Real
49%
18) Is this animal real or fake?Real
48%
15) Is this animal real or fake?Fake
42%
13) Is this animal real or fake?Fake
34%
1) Is this animal real or fake?Real
17%

Score Distribution

Percentile by Number Answered

Percent of People with Each Score

Your Score History

You have not taken this quiz